000 00649nam a2200181Ia 4500
008 100921s9999 xx 000 0 und d
082 _b22567
_a891.463 थ 85
100 _aमडकईकर भालचंद्र.
245 _aत्रविेणी.
260 _bबांदोडकर प्रकाशन, गोवा.
_c1985
300 _a209
_bशब्दाली एंटरप्रायजेस्र
365 _b45
520 _aललित-कादंबरी.
630 _aत्रविेणी.
650 _aललित-कादंबरी.
730 _aत्रविेणी.
942 _cBOOK
999 _c771680
_d771677